000 01422cab a2200289 4500
001 ABS59590
008 090401t1998 xxu||||| |||| 00| 0 eng d
035 _a(Sirsi) u89560
041 _aeng
245 _aAdjudication: a useful right, or a spanner in the works
260 _c1998
350 _a0
490 _aBuilding Engineer
_v73(9) November 1998, 24-29(5)
520 _aBased on a paper by Rod O`Driscoll, on adjudication in the context of the Housing Grants Construction and Regeneration Act 1996. Considers disadvantages of adjudication under the Act, and the clauses dealing with the scope and definition of the Construction Contract. Discusses the Scheme for Construction, the right to adjudicate, payments by installments, notice of intention to withhold payment, suspension of performance, `pay when paid` clauses, and peremptory orders.
650 _aMANAGEMENT-DISPUTE AVOIDANCE, MANAGEMENT AND RESOLUTION-DISPUTE MANAGEMENT AND RESOLUTION-ALTERNATIVE DISPUTE RESOLUTION-ADJUDICATION
650 _aBUILT ENVIRONMENT-BUILDING CONTRACT FORMS
650 _aDEFINITION
650 _aHOUSING GRANTS CONSTRUCTION AND REGENERATION ACT 1996
650 _aINSTALMENTS
650 _aPAY WHEN PAID
650 _aPEREMPTORY ORDERS
650 _aSCHEME FOR CONSTRUCTION
650 _aWITHHOLDING PAYMENT
690 _aBUILT ENVIRONMENT-BUILDING CONTRACT FORMS
942 _n0
948 _c09/11/1998
999 _c56678
_d56678